[Event "Olympiad-34"]
[Site "Istanbul"]
[Date "2000.11.09"]
[Round "12.1"]
[White "Sasikiran, Krishnan"]
[Black "Moldobaev, Emelbek"]
[Result "1-0"]
[WhiteElo "2573"]
[BlackElo "2404"]
[Annotator "Tsesarsky,I"]
[PlyCount "101"]
[EventDate "2000.10.28"]
[EventType "team-swiss"]
[EventRounds "14"]
[EventCountry "TUR"]
[SourceTitle "EXT 2001"]
[Source "ChessBase"]
[SourceDate "2000.11.22"]
[SourceVersion "1"]
[SourceVersionDate "2000.11.22"]
[SourceQuality "1"]
[WhiteTeam "India"]
[BlackTeam "Kyrgyzstan"]
[WhiteTeamCountry "IND"]
[BlackTeamCountry "KGZ"]

1. d4 c5 2. d5 e6 3. c4 exd5 4. cxd5 d6 5. Nc3 g6 6. e4 Bg7 7. Nf3 a6 {the
main idea of this variation is to play Ne7, Bg4, to change Bg4 on f3, and then
to play Nd7.} (7... Nd7 8. Bf4 Ngf6 $2 9. Bxd6 Qb6 10. e5 Qxb2 11. Qc1 Qxc1+
12. Rxc1 Ng4 13. Nb5 $18 {1-0 Arlandi,E-Cacco,C/San Marino 1998 (21)}) (7...
Ne7 {-in spirit of this variation - delayed Nf6.} 8. Bf4 (8. Bb5+ Bd7 (8... Nd7
$2 9. Bf4 Qb6 10. Qb3 O-O 11. Bxd7 Bxd7 12. Qxb6 axb6 13. Bxd6 $18 {1-0
Gligoric,S-Larsen,B/Lugano (ol) 1968/Inf 06/ (45)}) 9. a4 a6 10. Be2 Bg4 {
-like in the mainline 0-1 Dziuba,M-Przewoznik,J/Suwalki POL 1999/ (42)}) (8.
Bg5 h6 9. Bh4 g5 10. Bg3 f5 (10... O-O $132) 11. exf5 Nxf5 12. Bb5+ Kf7 $132 {
1-0 Tacu-Bondick/cr EU-M/GT/137 1984 (42)}) (8. Nd2 $6 O-O 9. Bd3 Nd7 10. O-O
a6 11. a4 b6 12. Nc4 Ne5 $11 {1-0 Molvig,H-Sondergaard,B/Dianalund 1986/(28)})
(8. Be2 O-O 9. O-O a6 10. a4 Bg4 {-like in the mainline 0-1 Naumkin,I-Efimov,I/
Open, Bozen ITA 1998/ (53)}) 8... O-O (8... a6 $2 9. Qa4+ $1 (9. a4 $2 Bg4 10.
Be2 {-like in the mainline 1/2-1/2 Farago Ivan-Tseitlin Mikhail S/It (open)
Muenster (Germany) (9) 1996/(53)}) 9... Bd7 10. Qb3 {[%csl Rb7,Rd6]} Qc7 11.
Bxd6 $1 (11. a4 O-O 12. Bc4 f6 $4 (12... Bg4 $132) 13. Bxd6 $18 {1-0 Sorin,
A-Mendez,E/Buenos Aires ARG 1999/(35)}) 11... Qxd6 12. Qxb7 Bc6 13. dxc6 Qxc6
14. Qxc6+ Nbxc6 15. Rc1 $16) 9. Be2 a6 (9... Bg4 {-like in the mainline 0-1
David,E-Conquest,S/Gausdal Peer Gynt 1991/ (49)}) 10. a4 Bg4 {-like in the
mainline 0-1 Vranesic,Z-Larsen,B/Canada 1968/Inf 06/ (42)}) 8. Be2 (8. Bg5 Qa5
9. Qc2 Nf6 10. Nd2 b5 11. Be2 Nbd7 $132 {1/2-1/2 Hoerrmann,K-Kalker,P/Wuert-ch
Friedrichshafen ,GER 1983/ (13)}) (8. Bf4 Bg4 (8... b5 9. e5 dxe5 10. Nxe5 Nf6
11. Be2 O-O 12. O-O Nfd7 (12... Bb7 13. Bf3 $14 {1/2-1/2 Hoang Thang
Trang-Varga,Z/FSGM Dec, Budapest HUN 1997/ (49)}) 13. Nd3 Bb7 14. Bf3 c4 15.
Nb4 $132 {0-1 Hoang Thang Trang-Borocz,I/FSGM Feb, Budapest HUN 1998/ (40)}) 9.
Be2 {-like in the mainline 1-0 Gelfand,B-Lobron,E/Amsterdam 1988/ (29) This
position we already met in very many games in opening review to this game.} ({
Now badly is} 9. Qa4+ $6 Nd7 10. Be2 (10. Bxd6 Bxf3 11. gxf3 Bxc3+ 12. bxc3 Qf6
$17) 10... b5 $132)) ({mainline is} 8. a4 Bg4) 8... Bg4 9. O-O Ne7 10. Bf4 O-O
11. Qb3 {[%csl Rb7,Rd6][%cal Gb3b7,Gf4d6]} (11. Nd2 Bxe2 12. Qxe2 Nc8 (12... b5
$132) 13. a4 Nd7 14. a5 Re8 15. Nc4 Ne5 16. Nxe5 Bxe5 17. Bxe5 Rxe5 18. f4 Re8
19. e5 $14 {1-0 Kozma,J-Hartoch,R/Wijk aan Zee 1969/(38)}) ({Interesting also} 
11. a4 $5 Qc7 {[%csl Gd6][%cal Gb8d7]} 12. e5 Nf5 13. exd6 Qb6 (13... Nxd6 14.
Ne4 $16) 14. Qd2 (14. Ng5 Bxe2 15. Qxe2 Nd4 16. Qe7 Qxb2 17. Rfc1 Nf5 18. Qe1
$14) 14... Nxd6 15. a5 Qd8 16. Rfe1 $14) 11... b5 12. a4 b4 13. Nd1 {Black has
certain difficulties with queenside development.} Nc8 {[%csl Gd6][%cal Gb8d7]}
14. Bg5 (14. Ne3 $2 Bxf3 15. Bxf3 Qf6 $17 {[%csl Rb2,Rf4]}) 14... Qc7 ({Or} 
14... f6 15. Bh4 Re8 16. Qc2 Qe7 17. Ne3 $1 Bd7 (17... Qxe4 18. Bd3 $18) 18.
Nd2 $14 {[%csl Rd6,Rg7][%cal Ge3c4,Gh4g3]}) 15. Ne3 Bxf3 16. Bxf3 a5 17. Rac1
Nd7 18. Be2 Ncb6 19. Qc2 (19. Bb5 Rae8 20. f3 f5 21. exf5 h6 22. f6 hxg5 23.
fxg7 Kxg7 24. Rfe1 $14) 19... Rfe8 20. b3 {This move strengthens a4 and c4
squares, but weakens c3 square.} Bc3 $5 21. Bb5 f6 22. Bh4 {White has small
stable advantage. Next manoeuvres goal is break in the center preparing.} Re7
23. Kh1 Qd8 (23... Rae8 24. f3 Bd4 25. Ng4 Bc3 (25... h5 26. e5 $1 {[%cal
Gc2g6]} hxg4 27. Qxg6+ $18) 26. Rfd1 $14) 24. f3 Qf8 25. Bg3 {[%csl Rd6][%cal
Gg3d6]} Ne5 (25... Be5 26. f4 Bd4 27. Nc4 $14) 26. f4 Nf7 27. Qd3 (27. f5 $6 g5
$132) 27... Bd4 (27... Qh6 28. Ng4 Qh5 29. Rxc3 Qxg4 30. Rcc1 $14) 28. Rce1
Raa7 29. Re2 Qg7 30. Bf2 Qf8 31. Qc2 Rac7 32. Ng4 $1 {with interesting
tactical trap.} Nh6 $4 $18 (32... Bxf2 $4 33. Nxf6+ Kg7 34. Rfxf2 Kxf6 35. Qb2+
$18) (32... Qg7 $4 33. Bxd4 cxd4 34. Qd3 f5 35. exf5 Rxe2 36. Qxe2 (36. f6 Qf8
37. Qxe2 Nxd5 $14) 36... Nxd5 37. fxg6 $18 {[%cal Ge2e6,Gf4f5]}) ({The only
defence was} 32... Bc3 $1 33. Bh4 Nh6 34. Ne3 $14 {and it is not easy to
increase advantage.}) 33. Nxh6+ Qxh6 34. Bxd4 cxd4 35. Qd2 {[%csl Rd4]} Nd7 (
35... Rc5 36. Qxd4 $18) 36. Qxd4 Nc5 37. Bc4 ({Immediately wins} 37. Qxf6 $18)
37... Qg7 (37... Qh4 38. g3 $18) 38. h3 {White has P over and good position.
Winning is question of time.} Rc8 39. Rfe1 {[%cal Ge4e5]} Rec7 {[%cal Gc5a4]
threatening Nxa4} 40. Qa1 $1 Nd7 41. Ba6 $1 Rd8 42. Bb5 Nc5 43. e5 fxe5 44.
fxe5 Re7 45. Qc1 (45. Bc4 $18) (45. Qd4 Nxb3 46. Qb6 $18) 45... Nxb3 46. Qc4
Nc5 47. exd6 Rxe2 48. Rxe2 Qc3 49. Qh4 Rf8 50. Re7 h5 51. Qg5 1-0

[Event "EU-ch 3rd"]
[Site "Batumi"]
[Date "2002.06.23"]
[Round "11"]
[White "Izoria, Zviad"]
[Black "Ehlvest, Jaan"]
[Result "1-0"]
[WhiteElo "2556"]
[BlackElo "2588"]
[Annotator "Tsesarsky,I"]
[PlyCount "63"]
[EventDate "2002.06.12"]
[EventType "swiss"]
[EventRounds "13"]
[EventCountry "GEO"]
[SourceTitle "CBM 090"]
[Source "ChessBase"]
[SourceDate "2002.09.20"]
[SourceVersion "1"]
[SourceVersionDate "2002.09.20"]
[SourceQuality "1"]

{[%mdl 4]} 1. d4 c5 2. d5 f5 {This strange variation forces White to play
nonstandard way.} 3. Nc3 Nf6 4. f3 $5 {[%cal Ge2e4] Reasonable move! e2-e4
promotion could be useful for White.} g6 ({On} 4... e5 {Quite strong is} 5. e4
(5. dxe6 $6 d5 6. Bg5 d4 $15 {0-1 Schirbel,A-Donner,B/Germany 1997/EXT 98 (21)}
) 5... f4 (5... fxe4 6. fxe4 $14) 6. g3 (6. Nh3 a6 7. a4 $14 (7. d6 Nc6 8. Nxf4
exf4 9. Bxf4 b5 $15 {1-0 Ortega,L-Gentilleau,J/Montecatini Terme 1997/EXT 99 
(25)})) (6. a4 $5) 6... d6 7. Bh3 Bxh3 8. Nxh3 Nh5 9. Rg1 (9. Ne2 $5 $14) 9...
h6 10. Qe2 $14 {1-0 Akhsharumova,A-Zayac,E/Kuala Lumpur 1990/TD (80)}) 5. e4 d6
6. Bb5+ Bd7 $6 $16 ({Better looks} 6... Nbd7 7. exf5 gxf5 8. Nh3 (8. Bg5 Bg7 9.
Nh3 O-O 10. Nf4 Ne5 11. Qe2 $14 (11. Ne6 Bxe6 12. dxe6 a6 13. Be2 (13. Bd3 Qb6
14. Rb1 Nxd3+ 15. Qxd3 d5 $15) 13... b5 14. O-O Nc6 $132 {0-1 Hain,G-Diehl,K/
Ludwigshafen 1996/EXT 98 (27)})) (8. Nge2 $14 {[%cal Ge2f4]}) 8... a6 9. Bxd7+
Bxd7 10. Qe2 (10. a4 b5 $14) 10... b5 $14) 7. exf5 gxf5 8. Nh3 {[%cal Gh3g5,
Gh3f4] White left with essential advantage. Black's king flank is in ruins.}
Na6 9. Bxa6 $1 bxa6 10. O-O Bg7 11. Ne2 O-O 12. Nef4 h6 13. c4 Ne8 14. Kh1 Bd4
15. Qe2 Kh7 16. Be3 Bh8 17. Rae1 {White has strategical winning position.
There is no any counterplay in Black's disposal...} Rf7 18. Qd2 Rb8 19. b3 a5 {
[%cal Ga5a4] Too late...} 20. Ne6 $1 Bxe6 21. dxe6 Rf6 22. Bxh6 $1 {Destroying
black king's fortress.} Nc7 (22... Rxh6 23. Ng5+ Kg8 24. Nf7 $18) 23. Ng5+ Kg8
24. Nf7 Qe8 25. Qg5+ Kh7 26. Qh4 {Black can resign here.} Nxe6 27. Rxe6 Rxf7
28. Rfe1 Rb7 29. Bf8+ Kg8 30. Rg6+ Bg7 31. Bxg7 Rxg7 32. Rh6 1-0

[Event "Rubinstein Memorial 37th"]
[Site "Polanica Zdroj"]
[Date "2000.08.18"]
[Round "2"]
[White "Movsesian, Sergei"]
[Black "Markowski, Tomasz"]
[Result "0-1"]
[WhiteElo "2666"]
[BlackElo "2568"]
[Annotator "Tsesarsky,I"]
[PlyCount "84"]
[EventDate "2000.08.17"]
[EventType "tourn"]
[EventRounds "9"]
[EventCountry "POL"]
[EventCategory "17"]
[SourceTitle "CBM 079"]
[Source "ChessBase"]
[SourceDate "2000.11.21"]
[SourceVersion "1"]
[SourceVersionDate "2000.11.21"]
[SourceQuality "1"]

1. e4 c5 2. Nf3 g6 3. d4 Bg7 4. d5 Nf6 5. Nc3 d6 6. Bb5+ Nbd7 7. a4 O-O 8. O-O
a6 9. Be2 Rb8 (9... Ne8 10. Bf4 Nc7 11. Qd2 Rb8 {see comments to the game 0-1
Sokolov,I-Minasian,A/EUCup f Ljubljana 1995/CBM 51 (34) [Stohl]}) 10. Nd2 (10.
a5 {-mainline.}) 10... Ne8 11. Re1 (11. h4 $5 h5 12. Nf3 Ne5 13. Bg5 Nxf3+ 14.
gxf3 Bh3 15. Re1 Nf6 16. Qd2 {1/2-1/2 Novak,I-Plachetka,J/Trinec 1972/ (32)}) (
11. Nc4 $142 $5 Nb6 12. Ne3 Bd7 13. Bd2 Nc8 14. Rb1 b5 15. axb5 axb5 16. b4 $14
{Sokolov,I-Velickovic,S/YUG-ch 1988/ (21)}) (11. a5 $5) 11... Nc7 12. Nc4 (12.
a5 b5 13. axb6 Nxb6 $132) 12... b6 ({Premature is} 12... b5 $2 13. Na5 $16 Ne5
$2 14. axb5 axb5 15. f4 $18) 13. f4 {Makes certain problem to Bc1 development.}
({Good was} 13. Bg5 Ne5 14. Nxe5 Bxe5 15. Bd3 $132) 13... Bb7 14. Bf3 Ba8 (
14... f5 $5 $132 {[%csl Rd5]}) 15. Kh1 b5 $1 {Black doesn't afraid of Na5-c6
penetration.} (15... f5 $5 $132 {[%csl Rd5]}) 16. axb5 axb5 17. Na5 (17. Ne3 b4
18. Ne2 Nb5 19. Nc4 Nb6 20. Nxb6 Qxb6 21. Qd3 e6 $11) 17... Nb6 $132 18. Ra2 ({
Dubious is} 18. Qd3 Qd7 19. Rd1 $5 {[%csl Gd5,Rd6][%cal Ge7e6,Ga5c6]} Rbe8 20.
Ne2 (20. Nc6 $6 b4 (20... Bxc6 21. dxc6 Qxc6 22. e5 d5 23. Nxd5 Nbxd5 24. Bxd5
Nxd5 25. Qxd5 Qxd5 26. Rxd5 Rd8 27. Rxd8 Rxd8 28. Be3 c4 29. Kg1 f6 $11) 21.
Na4 (21. Nb5 Bxc6 22. Nxc7 (22. dxc6 Qxc6 23. Na7 Qb7 $17) 22... Qxc7 23. dxc6
Ra8 $15) 21... Nxa4 22. Rxa4 Bxc6 23. dxc6 Qxc6 24. b3 $15) 20... f5 $1 {
[%csl Rd5] Black tries to attack d5 weakness.} 21. exf5 Qxf5 22. Qxf5 Rxf5 23.
Ng3 (23. Nc6 $2 Nbxd5 24. Rxa8 $1 Rxa8 25. Rxd5 {[%cal Gc6e7]} Nxd5 26. Bxd5+
Kf8 $19) 23... Rf6 24. Nc6 Bxc6 25. dxc6 d5 26. Ra7 Rxc6 $17) (18. Nc6 $6 Bxc6
19. dxc6 Bxc3 20. bxc3 Qe8 $15 {[%csl Rc6]}) 18... e6 19. dxe6 (19. Nc6 $5 Bxc6
20. dxc6 b4 21. Ne2 Nb5 22. Qd3 c4 23. Qd2 {[%csl Rb4]} b3 24. cxb3 cxb3 25.
Ra1 Qc7 26. Qd3 Qxc6 27. Qxb3 Nc4 28. Qc2 $132) 19... fxe6 20. Ne2 $6 $15 {
Strange move.} (20. Be3 $142 $132 {[%cal Gd1d2]}) 20... e5 21. c3 (21. Qd3 d5
$1 (21... c4 22. Qa3 Qh4 {[%csl Re1]} 23. g3 Qe7 24. Bg2 $132) 22. exd5 (22.
fxe5 Bxe5 23. g3 c4 24. Qe3 d4 25. Qf2 Bxe4 $17) 22... Nbxd5 23. fxe5 Bxe5 $17
{[%csl Rf3,Rh1][%cal Gf8f3,Gd8h4]}) 21... Qe7 22. b4 (22. Qd3 c4 $15 {[%cal
Gc7e6,Ge6c5]}) (22. Be3 Rbe8 23. Ra1 $15 {[%csl Ra5]}) 22... Rbd8 (22... Ne6 $5
$15) 23. bxc5 $2 $17 (23. Qc2 $142 exf4 24. Bxf4 Ne6 $15) 23... dxc5 24. Qc2 (
24. Qb3+ Kh8 (24... c4 25. Qa3 $132) 25. c4 b4 26. fxe5 Nd7 27. Nf4 Nxe5 28.
Nd5 Nxf3 $1 29. Nxe7 Nxe1 $19) 24... exf4 $19 {White lost whole P without any
compensation.} 25. Nb3 Qe5 (25... Ne6 $19) 26. Ra7 (26. Nd2 Rfe8 27. Ra7 Ne6
$19) 26... Nc4 27. Qa2 (27. Nd2 Ne3 28. Qa2+ c4 $19) 27... Kh8 28. Na5 (28. Nd2
Nxd2 29. Bxd2 Ne6 $19) 28... Nb6 29. Nb3 (29. Ba3 Rd7 $19) 29... Na4 $2 ({
Why not to the central square?} 29... Nc4 $1 30. Na5 Ne3 31. c4 g5 {[%cal
Gg5g4]} 32. Bxe3 fxe3 33. Ng3 Qc3 (33... g4 34. Bxg4 Rf2 35. Qb3 Rdd2 $13) 34.
Qb1 Be5 35. Nf5 (35. cxb5 Nxb5 $19) 35... e2 36. Rxe2 Rxf5 37. exf5 Bxf3 $19)
30. c4 $1 {[%csl Ra4]} bxc4 (30... Nc3 $2 31. Nxc3 Qxc3 32. Bd2 Qb2 33. Qxb2
Bxb2 34. Ba5 $1 $13) 31. Nd2 Nb6 32. Nxc4 Nxc4 33. Qxc4 Ne6 $2 $11 (33... Bc6 {
[%cal Gc7b5]} 34. Ra5 Ne6 $17) 34. Ba3 $2 {Mistakes comedy is continued, but
complicated previous game maybe takes too much time and power from both sides?}
({Right was} 34. Re7 $1 {[%csl Re6,Rf4][%cal Ge7e5]} Rde8 35. Bxf4 Qf6 36. Rxe8
Rxe8 37. Bg3 $11) 34... Rfe8 35. Rb1 Rb8 36. Rd1 $2 $19 (36. Rxb8 Qxb8 37. Qa4
{[%cal Ga4e8,Ga4a8]} g5 $17) 36... Bc6 {[%cal Gc6b5]} 37. Qc2 Ra8 38. Rxg7 (38.
Rxa8 Rxa8 39. Bc1 Ra1 $19 (39... Ba4 40. Qa2)) 38... Rxa3 (38... Nxg7 39. Bb2
Qe7 $19) 39. Rf7 Kg8 {[%csl Rf7]} 40. Rfd7 Bxd7 41. Rxd7 Ra1+ 42. Ng1 Rd8 0-1

[Event "Golombek Memorial"]
[Site "Paignton"]
[Date "2000.09.06"]
[Round "4"]
[White "Hebden, Mark"]
[Black "Van der Weide, Karel"]
[Result "1-0"]
[WhiteElo "2505"]
[BlackElo "2467"]
[Annotator "Tsesarsky,I"]
[PlyCount "81"]
[EventDate "2000.09.03"]
[EventType "tourn"]
[EventRounds "11"]
[EventCountry "ENG"]
[EventCategory "11"]
[SourceTitle "CBM 079"]
[Source "ChessBase"]
[SourceDate "2000.11.21"]
[SourceVersion "1"]
[SourceVersionDate "2000.11.21"]
[SourceQuality "1"]

1. d4 c5 2. d5 Nf6 3. Nc3 g6 4. e4 d6 5. Nf3 Bg7 6. Be2 O-O 7. O-O Na6 8. Nd2
Nc7 9. a4 Rb8 (9... b6 10. Nc4 Ba6 11. Bg5 {-mainline} (11. Bf4 {-mainline}))
10. Nc4 b6 (10... Nd7 11. Bg5 Ne5 12. Ne3 f5 13. exf5 gxf5 14. f4 Nf7 15. Bh4
$14 {1-0 Vyzmanavin,A-Kaidanov,G/Lvov 1985/MCD (55)}) 11. Bg5 (11. Bf4 Ba6 (
11... Nd7 12. Qd2 Re8 13. Rfe1 Ba6 14. Rad1 Bxc4 15. Bxc4 a6 16. Bf1 $14 {
1/2-1/2 Zdrojewski,W-Schmidt,S/Leningrad 1990/EXT 97 (67)}) 12. Re1 (12. e5
Bxc4 13. Bxc4 Nh5 14. exd6 exd6 15. Be3 $132 {1/2-1/2 Garcia,F-Alvarez Ibarra,
D/Albacete 1989/EXT 97 (27)}) 12... Nd7 13. Qd2 Bxc4 14. Bxc4 a6 15. Bh6 b5 16.
Bxg7 Kxg7 17. axb5 axb5 18. Bf1 b4 19. Nd1 Nb6 20. Ne3 $14 {1-0 Inkiov,
V-Ermenkov,E/Sofia 1981/EXT 99 (36)}) (11. f4 Ba6 (11... Bb7 12. Re1 Ba8 13.
Bf3 a6 14. a5 bxa5 15. Nxa5 $14 {1-0 Dovlatov,S-Mohamed,H/Abu Dhabi 1999/EXT
2000 (32)}) 12. Ne3 Bxe2 13. Qxe2 a6 14. Rd1 b5 15. axb5 axb5 16. e5 Nd7 $132 {
0-1 Sorensen,H-Bjerring,K/Copenhagen 1985/MCD (27)}) (11. Rb1 Nd7 (11... Bb7
12. Bf4 Qd7 13. Re1 $14 {1/2-1/2 Hummel,P-Paragua,M/North Bay 1999/EXT 2000 
(31)}) 12. Bd2 Ba6 13. Kh1 Bxc4 14. Bxc4 a6 15. Qe2 Bxc3 16. Bxc3 b5 17. Ba2 c4
$14 {1-0 Porper,E-Ganor,D/Rishon Le Ziyyon 1990/EXT 99 (59)}) (11. Re1 a6 12.
Bf4 b5 13. axb5 Nxb5 14. Nxb5 axb5 15. Na5 $14 {1-0 Hebden,M-Quillan,G/Dundee
1993/CBM 38/[Bulletin] (42)}) 11... h6 (11... a6 12. f4 b5 13. Na5 $14 {
1/2-1/2 Prasad,D-Pazos,P/Novi Sad 1990/TD (49)}) 12. Bf4 $14 Ba6 {In this type
of position Black tries to promote a7-a6 and b6-b5, but sometimes this plan is
not successful because white N can jump from c4 to a5. In other hand, White
plays in the center and kingside, using space advantage.} 13. b3 Nd7 ({
Interesting sharp continuation is} 13... g5 14. Be3 (14. Bd2 e6) 14... e6 (
14... Nxe4 15. Nxe4 f5 16. Ng3 Bxa1 17. Qxa1 f4 18. Nh5 e5 19. dxe6 Qe7 20. Bd2
d5 21. Ne5 Bxe2 22. Ng6 $16) 15. dxe6 fxe6 16. Qxd6 Nfd5 17. exd5 Bxc3 18. Qxd8
Rfxd8 19. d6 Nd5 20. Rad1 $14) 14. Qd2 {[%csl Rh6]} Kh7 15. Bd3 Bxc4 $5 {
What else can you advise to black? Nc4 is too strong, and Black decided to
chang it.} 16. bxc4 Ne5 {Black must forget b6-b5 promotion...} 17. Be2 e6 18.
Ra3 $1 {[%cal Ga3h3]} exd5 $6 $16 (18... f5 $142 19. Bg3 Qf6 20. f4 Nd7 21. Nb5
Nxb5 22. axb5 fxe4 23. Rxa7 $14) 19. cxd5 f5 20. Bg3 {[%cal Gf2f4]} Qf6 (20...
fxe4 21. Nxe4 $16) 21. f4 $2 $132 {White put mistake.} ({Quite strong was} 21.
exf5 $1 Qxf5 (21... gxf5 22. Nb5 $1 $16) 22. Nb5 $1 $16) 21... Nf7 22. Bd3 (22.
Nb5 Nxb5 23. axb5 fxe4 24. Rxa7 Kg8 $132) 22... a6 $2 $16 ({Why not} 22... fxe4
$1 23. Bxe4 (23. Nxe4 Qd4+ 24. Bf2 Qxd5 25. f5 Qxf5 26. Nxc5 Qc8 $15) 23...
Qd4+ 24. Qxd4 Bxd4+ 25. Kh1 Ng5 26. Bd3 Bxc3 27. Rxc3 Nxd5 28. Rb3 Nf7 29. f5
$132) 23. exf5 $1 {At last!} gxf5 24. Qe2 {[%csl Rf5][%cal Ge2a6,Ge2h5]} b5 (
24... Qg6 25. Qe7 (25. Bxa6 $2 Rfe8 26. Qc4 (26. Qd3 $4 Re3 $19) 26... Bxc3 27.
Rxc3 Re4 28. Qd3 Rxa4 (28... Rd4 29. Qxd4 $1 cxd4 30. Rxc7 $16) 29. Bc4 b5 30.
Bb3 Raa8 $17) 25... Rb7 26. Nd1 $1 Bd4+ (26... Nd8 27. Ne3 $18 {[%csl Rd8,Rf5]
[%cal Ge7f8]}) 27. Kh1 $16) 25. axb5 axb5 26. Bxb5 ({Clear advantage White has
after} 26. Qh5 $1 Nh8 27. Ra7 b4 28. Rxc7 bxc3 29. Re1 $16 (29. Bh4 Qg6 30. Qf3
$16)) 26... Nxb5 27. Nxb5 Rfe8 28. Qd3 Re4 29. c4 $1 $16 {White consolidated
forces and has P over.} Rbe8 30. Ra7 {[%cal Ga7h7]} Kg6 (30... Kg8 31. Nc7 {
[%cal Gc7e6]} R8e7 32. Ra8+ $16) 31. Rd7 {[%csl Rd6,Rf7]} R8e7 $6 (31... Re3
$142 $16) 32. Rxe7 Qxe7 33. Rf3 $1 {[%csl Rg6][%cal Gg3f2,Gf3g3]} Bd4+ (33...
Kh7 34. Bf2 Qf6 35. Be3 $16) 34. Kh1 h5 35. h3 Nh6 $2 $18 (35... h4 $1 $16) 36.
Nxd4 Rxd4 37. Qb3 Qe2 (37... h4 38. Re3 Re4 39. Bf2 $18) 38. Qb8 $1 {Black K
is more vulnerable than White!} Qe7 39. Rb3 h4 {loses immediately} (39... Rxc4
$142 40. Rb7 Rb4 41. Rxe7 (41. Rxb4 cxb4 42. Qxb4 Ng8 $16) 41... Rxb8 42. Re6+
Kg7 43. Rxd6 Nf7 (43... Rb2 {[%csl Rf2][%cal Gg3f2]} 44. Bh4 Ng8 {[%csl Gf6]}
45. Rc6 Rc2 46. d6 $18 {[%csl Rd8][%cal Gd6d7,Gh4d8]}) 44. Rc6 Rb5 45. Bf2 c4
46. Bd4+ Kg8 47. d6 Rd5 48. Be5 $18) 40. Bxh4 $1 Rd1+ 41. Kh2 (41. Kh2 Qxh4 42.
Qe8+ $18) 1-0

[Event "Najdorf Memorial Great fin"]
[Site "Buenos Aires"]
[Date "2000.09.16"]
[Round "4.2"]
[White "Ricardi, Pablo"]
[Black "Hoffman, Alejandro"]
[Result "1-0"]
[WhiteElo "2488"]
[BlackElo "2491"]
[Annotator "Tsesarsky,I"]
[PlyCount "65"]
[EventDate "2000.09.09"]
[EventType "k.o."]
[EventRounds "4"]
[EventCountry "ARG"]
[SourceTitle "CBM 079"]
[Source "ChessBase"]
[SourceDate "2000.11.21"]
[SourceVersion "1"]
[SourceVersionDate "2000.11.21"]
[SourceQuality "1"]

1. e4 c5 2. Nf3 g6 3. d4 Bg7 4. d5 d6 5. Nc3 Nf6 6. Bb5+ Bd7 7. a4 O-O 8. h3 (
8. O-O {-mainline}) 8... Bxb5 (8... e6 9. O-O exd5 10. exd5 Bxb5 11. axb5 Nbd7
12. Qd3 Nb6 13. Bf4 Qd7 14. Ra5 $14 {0-1 Cramling,P-Chiburdanidze,M/Belgrade
1992/TD (60)}) 9. axb5 Nbd7 10. O-O Ne8 $5 {[%cal Ge8c7,Gg7b2] Start of
interesting manoeuvre: N goes to c7.} ({Possible also} 10... Nb6 $5 11. Re1 Re8
12. Na4 a6 13. Nxb6 Qxb6 14. bxa6 Rxa6 15. Rxa6 Qxa6 16. c3 $11 {1/2-1/2
Mantovani,R-Romanishin,O/Reggio Emilia 1996/CBM 57/(42)}) (10... Qc7 $5 11. Bf4
a6 12. Qe2 Qb6 13. Nd2 axb5 14. Nxb5 Nh5 15. Bh2 Bxb2 (15... Rxa1 16. Rxa1 Bxb2
17. Rb1 Bg7 18. Nxd6 Qa6 19. Qxa6 bxa6 20. N6c4 $14 {1/2-1/2 Franco Ocampo,
Z-Diez del Corral,J/Luzern 1982/EXT 97-B (42)}) 16. Rab1 Be5 17. f4 Bg7 18. e5
$44) (10... a6 $6 11. bxa6 Rxa6 12. Rxa6 bxa6 {[%csl Ra6]} 13. Re1 Ne8 14. Bg5
$14 {1-0 Cosma,I-Bosch Porta,D/Andorra la Vella 1999/EXT 2000 (31)}) 11. Bf4
Nc7 12. Re1 Nb6 13. Qd3 Qd7 (13... f5 $2 {met by} 14. e5 $1 dxe5 15. Bxe5 Bxe5
(15... Ncxd5 16. Bxg7 Kxg7 17. Ng5 $16) (15... Nbxd5 16. b6 $3 $18) 16. Rxe5
Qd6 17. Rae1 $16) 14. e5 c4 (14... e6 15. exd6 Ncxd5 16. Nxd5 Nxd5 (16... exd5
17. Re7 c4 18. Rxd7 cxd3 19. Rxb7 dxc2 20. Rc1 Rfc8 21. Rc7 $16) 17. Be5 $14)
15. Qd2 Nxb5 16. Bh6 (16. Nxb5 Qxb5 17. exd6 exd6 18. Bxd6 Rfd8 $15 {[%csl Rb2,
Rd5]}) 16... Nxc3 17. Bxg7 $5 Kxg7 18. Qxc3 Nxd5 ({After} 18... Kg8 $15 {
it is not so easy for White to justify P lack.}) 19. Qd4 e6 20. exd6+ Kg8 21.
b3 (21. Qxc4 Qxd6 $15) 21... b5 $5 {[%csl Gd5] Good decision! Black returns
back P but Nd5 remains on strong position in the center.} ({Dubious was} 21...
cxb3 $2 {because of} 22. c4 $5 {[%csl Rd5][%cal Gc4d5]} (22. cxb3 $2 Qxd6 $17)
22... Nb4 {[%cal Gb4c2]} 23. Ne5 Qd8 24. Ng4 $1 {[%csl Rg8][%cal Gg4h6]} f6 25.
Rxe6 Nc2 26. Qd5 $1 Kh8 (26... Nxa1 27. Re7+ Kh8 28. Qxb7 $18) 27. Rb1 $16) ({
Also well was} 21... c3 $5 22. Rxa7 Rxa7 23. Qxa7 Qxd6 24. Qxb7 $132) 22. bxc4
bxc4 23. Ra6 f6 $2 (23... c3 $1 $132 {It was not any reason to afraid from} 24.
Ne5 {[%cal Ge5d7]} Qb7 25. Rea1 Qb4 26. Qxb4 Nxb4 27. Rxa7 Rxa7 28. Rxa7 Nxc2 (
28... Kg7) 29. Nc6 {[%cal Gd6d7]} e5 $1 {and Black keep equal position.} (29...
Ne1 {[%cal Gc3c2,Ge1d3]} 30. Ra3 c2 31. Rc3 $18) 30. Rc7 (30. d7 Nd4 31. Nxe5 (
31. Nxd4 exd4 32. Rc7 Kg7 33. Kf1 Rd8 34. Ke2 c2 35. Kd2 d3 $17) (31. Rc7 Ne6
32. Rc8 f6 33. d8=Q Nxd8 34. Nxd8 c2 $15) 31... c2 32. Rc7 Ne2+ 33. Kf1 c1=Q+
34. Rxc1 Nxc1 35. Nc6 $11) 30... Nd4 31. Nxe5 c2 32. Kh2 $11) (23... Rfc8 $2
24. Ne5 Qb7 25. Rea1 c3 26. Rxa7 Rxa7 (26... Nf4 27. Rxb7 Ne2+ 28. Kh2 Nxd4 29.
d7 $18) 27. Rxa7 $18) 24. Qxc4 Rac8 (24... Rfc8 25. Qe4 Re8 26. c4 (26. Rea1 $5
Nc3 27. Qc6 $16) 26... Nb4 27. Ra5 Nc6 (27... Qxd6 $2 28. c5 Qb8 29. Rb1 $18 {
[%csl Rb4]}) 28. Rc5 Rac8 29. Rd1 $16) 25. Qe4 Rfe8 26. Rea1 Nb6 $2 {Loses
immediately.} (26... Ra8 $142 27. c4 $16) ({or} 26... Rc3 27. Nd4 $16) 27. Rxa7
Qc6 (27... Qxd6 $6 28. Qb7 $1 $18) 28. Qh4 {[%csl Rh7]} Nd7 29. R1a6 Qb5 30.
Nd4 Qb1+ 31. Kh2 g5 (31... Rcd8 32. Nc6 Qxc2 33. Nxd8 Rxd8 34. Ra8 $18) 32. Qh6
Rcd8 33. Nxe6 1-0